000
00243nam a2200097Ia 4500
008
240625s9999 xx 000 0 und d
041
_a
eng
082
_a
808.20 BHA
100
_a
BHATIA MOHNISH
245
_a
UNDERSTANDING THE INVESTMENT AND TRADING
999
_c
37780
_d
37780